000 00386nam a22001217a 4500
082 _a220 PRO
100 _aNC Easha Abid NC Faran Ali Jafri PC Immad Salman
_970665
245 _aPR-SOF-1848-Smart Billing System
260 _aISLAMABAD
_bNUST COLLEGE OF EME
_c2019
650 _aDE-COMP-37
_970666
700 _aSUPERVISOR DR. SHOAB AHMED KHAN DR. WASI HAIDER BUTT
_970667
942 _cCR
999 _c577589
_d577589